000 00443nam a2200181Ia 4500
008 230524s9999 xx 000 0 und d
020 _a0070530394
082 _a621.31
_bFIT
100 _aA.E.Fitzgerald
245 0 _aElectric Machinery
250 _a6TH
260 _aNEW DELHI
_bTMH
_c2004
300 _aIX;681
500 _aQuantity Number: 12
650 _aElectrical
700 _a" Charles Kingsley , S.D.Umans,,,"
942 _cBK
999 _c28447
_d28447